Синтез и свойства керамических пигментов на основе системы CaO-RO(R2O3)-SiO2 c использованием природного и техногенного минерального сырья: автореферат диссертации на соискание ученой степени кандидата технических наук; спец. 05.17.11

Dades bibliogràfiques
Autor principal: Лисеенко Н. В. Наталья Владимировна
Autor corporatiu: Национальный исследовательский Томский политехнический университет (ТПУ) Кафедра технологии силикатов и наноматериалов
Altres autors: Седельникова М. Б. Мария Борисовна (научный руководитель)
Sumari:Защита сост. 5.12.2011 г.
Idioma:rus
Publicat: Томск, 2011
Matèries:
Format: MixedMaterials Llibre
KOHA link:https://koha.lib.tpu.ru/cgi-bin/koha/opac-detail.pl?biblionumber=205596

MARC

LEADER 00000nam0a2200000 4500
001 205596
005 20231101225306.0
035 |a (RuTPU)RU\TPU\book\224073 
090 |a 205596 
100 |a 20111212d2011 k y0rusy50 ca 
101 0 |a rus 
102 |a RU 
105 |a a dm 001zy 
200 1 |a Синтез и свойства керамических пигментов на основе системы CaO-RO(R2O3)-SiO2 c использованием природного и техногенного минерального сырья  |e автореферат диссертации на соискание ученой степени кандидата технических наук  |e спец. 05.17.11  |f Н. В. Лисеенко  |g Национальный исследовательский Томский политехнический университет (ТПУ), Кафедра технологии силикатов и наноматериалов ; науч. рук. М. Б. Седельникова 
210 |a Томск  |d 2011 
215 |a 21 с.  |c ил. 
300 |a Защита сост. 5.12.2011 г. 
320 |a Библиогр.: с. 19-21 (16 назв.). 
452 1 |0 (RuTPU)RU\TPU\book\222416  |t Синтез и свойства керамических пигментов на основе системы CaO-RO(R2O3)-SiO2 c использованием природного и техногенного минерального сырья  |o автореферат диссертации на соискание ученой степени кандидата технических наук  |o спец. 05.17.11  |f Н. В. Лисеенко  |g Национальный исследовательский Томский политехнический университет (ТПУ), Кафедре технологии силикатов и наноматериалов ; науч. рук. М. Б. Седельникова  |c Томск  |d 2011  |a Лисеенко, Наталья Владимировна 
606 1 |a Пигменты керамические  |2 stltpush  |3 (RuTPU)RU\TPU\subj\34727  |9 56609 
610 1 |a синтез 
610 1 |a физико-химические основы 
610 1 |a сырье 
610 1 |a характеристика 
610 1 |a методы исследования 
610 1 |a промышленные отходы 
610 1 |a использование 
610 1 |a минерализаторы 
610 1 |a авторефераты диссертаций 
610 1 |a труды учёных ТПУ 
675 |a 666.29(04)  |v 3 
686 |a 05.17.11  |2 oksvnk 
700 1 |a Лисеенко  |b Н. В.  |c химик  |c аспирант Томского политехнического университета  |f 1984-  |g Наталья Владимировна  |2 stltpush  |3 (RuTPU)RU\TPU\pers\28571 
702 1 |a Седельникова  |b М. Б.  |c российский учёный в области технологии силикатов и наноматериалов  |c доцент Томского политехнического университета  |f 1967-  |g Мария Борисовна  |2 stltpush  |3 (RuTPU)RU\TPU\pers\26201  |4 727 
712 0 2 |a Национальный исследовательский Томский политехнический университет (ТПУ)  |b Кафедра технологии силикатов и наноматериалов  |c (2009- )  |2 stltpush  |3 (RuTPU)RU\TPU\col\15902 
801 1 |a RU  |b 63413507  |c 20111212 
801 2 |a RU  |b 63413507  |c 20120120  |g RCR 
942 |c BK